Statistics for The Russia Quiz

Click here to take the quiz!

General Stats

  • This quiz has been taken 28 times
  • The average score is 42 of 46

Answer Stats

HintAnswer% Correct
ContinentAsia
100%
Bordering OceanAtlantic Ocean
100%
Bordering CountryBelarus
100%
Flag ColourBlue
100%
Bordering CountryChina
100%
Bordering CountryEstonia
100%
ContinentEurope
100%
Bordering CountryLatvia
100%
Bordering CountryLithuania
100%
Bordering CountryMongolia
100%
Capital CityMoscow
100%
Flag ColourRed
100%
Official LanguageRussian
100%
Nationality (Demonym)Russian
100%
2014 Olympic Host CitySochi
100%
Second Largest CitySt. Petersburg
100%
Bordering CountryUkraine
100%
First Soviet Union LeaderVladimir Lenin
100%
PresidentVladimir Putin
100%
Flag ColourWhite
100%
Bordering CountryFinland
96%
Bordering CountryKazakhstan
96%
Last Soviet Union LeaderMikhail Gorbachev
96%
Bordering CountryNorth Korea
96%
Bordering OceanPacific Ocean
96%
Bordering CountryPoland
96%
CurrencyRussian Ruble (RUB)
96%
Bordering CountryAzerbaijan
92%
First PresidentBoris Yeltsin
92%
Bordering CountryGeorgia
92%
Founder of Second Largest CityPeter the Great
92%
Drives on the...Right
92%
Longest RiverYenisei
92%
Largest Lake WithinLake Baikal
88%
Baltic Sea ExclaveKaliningrad Oblast
85%
Presidential ResidenceMoscow Kremlin
85%
Tsar's Religious DenominationRussian Orthodoxy
85%
Bordering OceanArctic Ocean
81%
Last Tsar of RussiaNicholas II
81%
Bordering CountryNorway
77%
Largest IslandSakhalin
73%
Highest Point (5,633 m)Mount Elbrus
69%
Official NameRussian Federation
69%
Largest Federal SubjectSakha Republic
69%
Lowest Point (-28 m)Caspian Sea
38%
# of Federal Subjects83
27%

Score Distribution

Percentile by Number Answered

Percent of People with Each Score

Your Score History

You have not taken this quiz